| 000 | 00678nam a22001937a 4500 | ||
|---|---|---|---|
| 005 | 20251108174939.0 | ||
| 008 | 250721s2010 xx 000 0 ara d | ||
| 082 | 1 | 4 | _a659/مير |
| 100 | 1 |
_aميرلس، جورج _eمؤلف |
|
| 245 | 1 | 0 | _aأفضل الطرق للظهور في وسائل الإعلام / |
| 264 | 1 |
_aدمشق : _bالأكاديمية السورية الدولية للتدريب و التطوير، _c2010. |
|
| 300 | _a223ص. | ||
| 650 | 1 | 7 | _aالعلاقات العامة |
| 650 | 1 | 7 | _aالإدارة العامة |
| 700 | 1 |
_aالغفري، حنان _eمترجم |
|
| 700 | 1 |
_aميهوب، نزار _eمقدم |
|
| 942 |
_2ddc _cBK |
||
| 999 |
_c122220 _d122220 |
||